[Event "PRO League Group Stage"]
[Site "chess.com INT"]
[Date "2020.02.06"]
[Round "5"]
[White "Edouard, Romain"]
[Black "Tomczak, Jacek"]
[Result "0-1"]
[WhiteTitle "GM"]
[BlackTitle "GM"]
[WhiteElo "2640"]
[BlackElo "2603"]
[WhiteTeam "France Roosters"]
[BlackTeam "Germany Bears"]
[WhiteFideId "633429"]
[BlackFideId "1124668"]
[EventDate "2020.01.06"]

1. c4 Nf6 2. Nc3 e5 3. g3 d5 4. cxd5 Nxd5 5. Bg2 Nb6 6. e3 Nc6 7. Nge2 h5 8. d4
h4 9. Bxc6+ bxc6 10. dxe5 Qxd1+ 11. Nxd1 hxg3 12. Nxg3 Bg4 13. f4 O-O-O 14. Nc3
Nc4 15. Kf2 g5 16. Nce4 gxf4 17. exf4 Rd3 18. h4 Be7 19. h5 Rf3+ 20. Kg2 Rd3 21.
Kf2 Bf3 22. Rh2 Rg8 23. h6 Rxg3 24. h7 Bxe4 25. h8=Q+ Kb7 26. b4 Rdf3+ 27. Ke1
Bxb4+ 28. Bd2 Bd3 29. Rh1 Bxd2+ 30. Kd1 Rg2 0-1

[Event "PRO League Group Stage"]
[Site "chess.com INT"]
[Date "2020.02.06"]
[Round "5"]
[White "Braun, Arik"]
[Black "Lagarde, Maxime"]
[Result "1-0"]
[WhiteTitle "GM"]
[BlackTitle "GM"]
[WhiteElo "2605"]
[BlackElo "2651"]
[WhiteTeam "Germany Bears"]
[BlackTeam "France Roosters"]
[WhiteFideId "4663527"]
[BlackFideId "662399"]
[EventDate "2020.01.06"]

1. c4 g6 2. Nc3 Bg7 3. g3 f5 4. Bg2 Nf6 5. e3 O-O 6. Nge2 d6 7. O-O c6 8. b4 e5
9. d3 Be6 10. Bb2 Nbd7 11. b5 d5 12. bxc6 bxc6 13. cxd5 cxd5 14. d4 e4 15. Ba3
Re8 16. Na4 Bf7 17. Rb1 Nb6 18. Nxb6 axb6 19. Qb3 g5 20. Rfc1 Bh5 21. Nc3 f4 22.
Nb5 Qd7 23. Rc7 Qe6 24. Rbc1 Be2 25. R1c6 Qg4 26. h3 Qh5 27. Rxf6 Bxf6 28. Qxd5+
Kh8 29. Nd6 Ra5 30. Nf7+ Kg8 31. Nh6+ Kh8 32. Qd7 Qg6 33. Nf7+ Kg8 34. Qxe8+ 1-0

[Event "PRO League Group Stage"]
[Site "chess.com INT"]
[Date "2020.02.06"]
[Round "5"]
[White "Mons, Leon"]
[Black "Bacrot, Etienne"]
[Result "1-0"]
[WhiteTitle "GM"]
[BlackTitle "GM"]
[WhiteElo "2554"]
[BlackElo "2679"]
[WhiteTeam "Germany Bears"]
[BlackTeam "France Roosters"]
[WhiteFideId "4614950"]
[BlackFideId "605506"]
[EventDate "2020.01.06"]

1. Nf3 d5 2. e3 e6 3. c4 Nf6 4. b3 b6 5. g3 Bb7 6. Bg2 c5 7. O-O Nc6 8. Bb2 Be7
9. Nc3 O-O 10. cxd5 exd5 11. d4 Rc8 12. Rc1 Re8 13. Re1 Bf8 14. Ne2 Ba6 15. Nf4
c4 16. Ne5 Bb4 17. bxc4 Bxe1 18. Qxe1 Ne7 19. cxd5 Nexd5 20. Nxd5 Nxd5 21. e4
Rxc1 22. Qxc1 Nf6 23. d5 Qd6 24. Qc3 Qc5 25. Qd2 Rc8 26. Nc6 Nd7 27. e5 Re8 28.
h3 Qb5 29. e6 fxe6 30. dxe6 Rxe6 31. Qxd7 Re1+ 32. Kh2 Qxb2 33. Bd5+ 1-0

[Event "PRO League Group Stage"]
[Site "chess.com INT"]
[Date "2020.02.06"]
[Round "5"]
[White "Meier, Georg"]
[Black "Edouard, Romain"]
[Result "1/2-1/2"]
[WhiteTitle "GM"]
[BlackTitle "GM"]
[WhiteElo "2629"]
[BlackElo "2640"]
[WhiteTeam "Germany Bears"]
[BlackTeam "France Roosters"]
[WhiteFideId "4675789"]
[BlackFideId "633429"]
[EventDate "2020.01.06"]

1. Nf3 c5 2. c4 Nc6 3. Nc3 Nf6 4. g3 d5 5. cxd5 Nxd5 6. Bg2 Nc7 7. d3 e5 8. Nd2
Be7 9. Nc4 f6 10. Bxc6+ bxc6 11. Qa4 O-O 12. Qa5 Be6 13. Be3 Bxc4 14. dxc4 Qb8
15. O-O-O Ne6 16. Rd7 Rf7 17. Qa6 Nd4 18. Qb7 Qe8 19. Rd1 a5 20. f4 Rb8 21. Qa7
Nf5 22. Bf2 exf4 23. gxf4 Bd6 24. Rxf7 Qxf7 25. Qxf7+ Kxf7 26. e3 Re8 27. Kd2 g5
28. fxg5 fxg5 29. h3 h5 30. Rg1 Kf6 31. Kd3 Be7 32. Ne4+ Ke5 33. Nxg5 Rd8+ 34.
Ke2 Rb8 35. Nf3+ Ke6 36. b3 a4 37. Rg6+ Bf6 38. e4 Ne7 39. Rh6 Ng8 40. Rxh5 axb3
41. axb3 Rxb3 42. Bxc5 Rb2+ 43. Kf1 Bc3 44. Bd4 Rc2 45. c5 Nf6 46. Re5+ Kd7 47.
Bxc3 Rxc3 48. Kf2 Kd8 49. Re6 Nd7 50. Rxc6 Nxc5 51. Rd6+ Ke7 52. Rd4 Ne6 53. Ra4
Nf4 54. h4 Nh3+ 55. Kg2 Nf4+ 56. Kg3 Nh5+ 57. Kg4 Nf6+ 58. Kg3 Nh5+ 59. Kf2 Kf6
60. Ra6+ Kg7 61. Ra7+ Kf6 62. Ra5 Kg6 63. Rg5+ Kh6 64. Rf5 Ng7 65. Rf6+ Kh5 66.
e5 Ra3 67. Kg3 Ra4 68. Rf7 Kg6 69. Rf6+ Kh5 70. Rf4 Ra3 71. Rb4 Nf5+ 72. Kf4 Ng7
73. Rb6 Ra4+ 74. Ke3 Ra3+ 75. Ke4 Ra4+ 76. Nd4 Kxh4 77. e6 Nxe6 78. Rxe6 Kg5 79.
Re8 Kg6 80. Re7 Kf6 81. Rb7 Ra1 82. Rb6+ Kf7 83. Nf3 Rf1 84. Ne5+ Ke7 85. Nc4
Kd7 86. Rh6 Ke7 87. Ne3 Re1 88. Kd4 Kd7 89. Ra6 Ke7 90. Ng4 Rd1+ 91. Ke4 Re1+
92. Ne3 Kd7 93. Rb6 Kc7 94. Rh6 Kd7 95. Kd4 Kc7 96. Nd5+ Kd7 97. Nc3 Ke7 98. Ne4
Ra1 99. Kd5 Ra5+ 100. Nc5 Kf7 101. Rb6 Ke7 102. Kd4 Ra1 103. Ne4 Ra5 104. Nc3
Rh5 105. Nd5+ Kf7 106. Nf4 Rh1 107. Ke5 Re1+ 108. Kf5 Ke7 109. Nd3 Rd1 110. Re6+
Kd8 111. Ne5 Kc7 112. Rc6+ Kb7 113. Ke6 Rh1 114. Rc2 Rd1 115. Nc4 Rd4 116. Nd6+
Kb6 117. Kd7 Rd1 118. Rc6+ Ka5 119. Rc4 Rb1 120. Kc6 Rb4 121. Rc3 Rh4 122. Rb3
Ka4 123. Rb7 Rh6 124. Kb6 Rxd6+ 125. Kc5 Rd1 126. Ra7+ Kb3 1/2-1/2

[Event "PRO League Group Stage"]
[Site "chess.com INT"]
[Date "2020.02.06"]
[Round "5"]
[White "Tomczak, Jacek"]
[Black "Gozzoli, Yannick"]
[Result "1-0"]
[WhiteTitle "GM"]
[BlackTitle "GM"]
[WhiteElo "2603"]
[BlackElo "2604"]
[WhiteTeam "Germany Bears"]
[BlackTeam "France Roosters"]
[WhiteFideId "1124668"]
[BlackFideId "616915"]
[EventDate "2020.01.06"]

1. e4 e5 2. Nf3 Nc6 3. d4 exd4 4. Nxd4 Bc5 5. Be3 Qf6 6. c3 Nge7 7. Nc2 Bxe3 8.
Nxe3 d6 9. Nd2 O-O 10. g3 Qg6 11. Bg2 f5 12. exf5 Nxf5 13. Nxf5 Bxf5 14. O-O Kh8
15. Qb3 Rab8 16. Qa4 b5 17. Qa3 Bd7 18. Rae1 a5 19. Re3 Qc2 20. Nb3 a4 21. Be4
b4 22. Qxa4 Ne5 23. Qxd7 Qxe4 24. Rxe4 Nxd7 25. Rxb4 Ra8 26. a3 Ne5 27. Rd1 Kg8
28. f4 Nd7 29. Re1 Nf6 30. Nd2 c5 31. Rb7 d5 32. Ree7 1-0

[Event "PRO League Group Stage"]
[Site "chess.com INT"]
[Date "2020.02.06"]
[Round "5"]
[White "Bacrot, Etienne"]
[Black "Braun, Arik"]
[Result "0-1"]
[WhiteTitle "GM"]
[BlackTitle "GM"]
[WhiteElo "2679"]
[BlackElo "2605"]
[WhiteTeam "France Roosters"]
[BlackTeam "Germany Bears"]
[WhiteFideId "605506"]
[BlackFideId "4663527"]
[EventDate "2020.01.06"]

1. e4 c6 2. Nf3 d5 3. d3 g6 4. Nbd2 Bg7 5. g3 e5 6. Bg2 Ne7 7. O-O O-O 8. c3 a5
9. Re1 Nd7 10. b3 Nc5 11. Ba3 b6 12. exd5 Nxd5 13. Ne4 Re8 14. Nxc5 Nxc3 15. Qc1
bxc5 16. Bb2 Nd5 17. Qxc5 f6 18. Qxc6 Ra6 19. Qc4 Rd6 20. Nd2 Ba6 21. Qa4 Nb4
22. Ba3 Rd4 23. Nf3 Rd6 24. Bxb4 axb4 25. Qxb4 Bxd3 26. Nd2 f5 27. Nc4 Rd4 28.
Bc6 Re6 29. Bb5 e4 30. Rad1 h5 31. Qc5 Kh7 32. a4 h4 33. a5 Qg5 34. Ne3 h3 35.
Bc4 Re8 36. Qb5 Red8 37. a6 Bxc4 38. bxc4 Rxd1 39. Rxd1 Rxd1+ 40. Nxd1 Qd2 41.
Ne3 Bd4 42. Qd7+ Kh6 43. Nxf5+ Kg5 44. Ne3 Qe1+ 0-1

[Event "PRO League Group Stage"]
[Site "chess.com INT"]
[Date "2020.02.06"]
[Round "5"]
[White "Lagarde, Maxime"]
[Black "Mons, Leon"]
[Result "1-0"]
[WhiteTitle "GM"]
[BlackTitle "GM"]
[WhiteElo "2651"]
[BlackElo "2554"]
[WhiteTeam "France Roosters"]
[BlackTeam "Germany Bears"]
[WhiteFideId "662399"]
[BlackFideId "4614950"]
[EventDate "2020.01.06"]

1. Nf3 d5 2. g3 Nd7 3. Bg2 e5 4. O-O c6 5. d3 Ngf6 6. c4 dxc4 7. dxc4 Bc5 8. Nc3
O-O 9. Qc2 Qe7 10. Nh4 Nb6 11. b3 Be6 12. Bb2 Rfd8 13. e3 Qc7 14. Nf3 Be7 15.
Ng5 Bg4 16. h3 Bh5 17. f4 Bc5 18. Nce4 Bxe3+ 19. Kh1 Bg6 20. f5 Bxg5 21. fxg6
Nxe4 22. gxf7+ Kh8 23. Qxe4 Bf6 24. g4 Nd7 25. Rf5 Nc5 26. Qe3 Nd3 27. Bc3 Qxf7
28. g5 Qh5 29. Be4 Be7 30. Bxd3 Bc5 31. Qf3 Qh4 32. Bxe5 Re8 33. Rf1 1-0

[Event "PRO League Group Stage"]
[Site "chess.com INT"]
[Date "2020.02.06"]
[Round "5"]
[White "Lagarde, Maxime"]
[Black "Meier, Georg"]
[Result "1/2-1/2"]
[WhiteTitle "GM"]
[BlackTitle "GM"]
[WhiteElo "2651"]
[BlackElo "2629"]
[WhiteTeam "France Roosters"]
[BlackTeam "Germany Bears"]
[WhiteFideId "662399"]
[BlackFideId "4675789"]
[EventDate "2020.01.06"]

1. g3 d5 2. Bg2 Nf6 3. d3 e5 4. Nf3 Bd6 5. O-O O-O 6. Nc3 c6 7. e4 dxe4 8. Nxe4
Nxe4 9. dxe4 Qe7 10. Qe2 Na6 11. c3 Bg4 12. h3 Be6 13. Ng5 Bd7 14. Qh5 h6 15.
Nf3 f5 16. Nh4 f4 17. Nf5 Bxf5 18. exf5 Nc5 19. b4 Nd7 20. Re1 Nf6 21. Qg6 e4
22. Bxf4 Bxf4 23. gxf4 a5 24. Rab1 axb4 25. Rxb4 Rxa2 26. Bxe4 Qc5 27. Re3 b5
28. Rd4 Kh8 29. Bf3 Rc2 30. Rdd3 Rg8 31. Kg2 b4 32. cxb4 Qxb4 33. Bd1 Rd2 34.
Rxd2 Qxd2 35. Bb3 Nd5 36. Bxd5 Qxd5+ 37. Kg3 c5 38. Qe6 Qd4 39. Qe5 Rf8 40. Kg4
Kh7 41. Qxd4 cxd4 42. Rd3 Rd8 43. Kf3 Kg8 44. Ke4 Re8+ 45. Kxd4 Re2 46. Rf3 Kf7
47. Kd3 Ra2 48. Ke3 Kf6 49. Rg3 Ra7 50. Ke4 Ra4+ 51. Kf3 Ra7 52. Kg4 Ra2 53. Rg2
Rb2 54. Kh5 Rb4 55. Rg6+ Kf7 56. Kg4 Rb2 57. h4 Rxf2 58. h5 Rg2+ 59. Kh3 Rf2 60.
Kg3 Rf1 61. Kg4 Rg1+ 62. Kf3 Rh1 63. f6 gxf6 64. Rxh6 Ke6 65. Kg4 Rg1+ 66. Kh3
Kf5 67. Rh8 Kxf4 68. Kh2 Rg5 69. h6 Rh5+ 70. Kg2 Kg5 71. h7 Kg6 72. Kf3 Rxh7 73.
Rxh7 Kxh7 74. Kg4 f5+ 75. Kxf5 1/2-1/2

[Event "PRO League Group Stage"]
[Site "chess.com INT"]
[Date "2020.02.06"]
[Round "5"]
[White "Bacrot, Etienne"]
[Black "Tomczak, Jacek"]
[Result "1-0"]
[WhiteTitle "GM"]
[BlackTitle "GM"]
[WhiteElo "2679"]
[BlackElo "2603"]
[WhiteTeam "France Roosters"]
[BlackTeam "Germany Bears"]
[WhiteFideId "605506"]
[BlackFideId "1124668"]
[EventDate "2020.01.06"]

1. e4 c6 2. Nf3 d5 3. d3 dxe4 4. dxe4 Qxd1+ 5. Kxd1 Nd7 6. a4 Nc5 7. Nfd2 g6 8.
f3 Bg7 9. Nc4 Be6 10. a5 O-O-O+ 11. Ke1 f5 12. exf5 Bxf5 13. Be3 Bd4 14. Bxd4
Rxd4 15. Nba3 Nf6 16. Kf2 e5 17. g4 Nxg4+ 18. fxg4 Rf4+ 19. Ke3 Re4+ 20. Kd2
Rd8+ 21. Kc3 Rxg4 22. Re1 Ne4+ 23. Kb3 Nf2 24. Be2 Rh4 25. Rhf1 Rxh2 26. Nxe5
Ne4 27. Nf3 Rh3 28. Ka2 Ng3 29. Rf2 Nxe2 30. Rexe2 Bg4 31. Ng5 Rh5 32. Re5 h6
33. Nf7 Rxe5 34. Nxe5 Bf5 35. Nac4 Kc7 36. Ne3 Re8 37. Nxf5 Rxe5 38. Nxh6 Rxa5+
39. Kb3 Kd6 40. Rf6+ Kc5 41. Rxg6 Kb6 42. Rg7 Rb5+ 43. Ka2 Rd5 44. Ng4 a5 45.
Ne3 Rd4 46. Kb3 Rb4+ 47. Kc3 Rh4 48. Nc4+ Ka6 49. Nd6 Rb4 50. Re7 Ka7 51. Re4
Rxe4 52. Nxe4 Kb6 53. Kc4 Kc7 54. Nc5 b6 55. Ne4 Kd7 56. Kd4 Ke6 57. Nd2 Kd6 58.
Nc4+ Kc7 59. b3 Kb7 60. Ke5 Ka6 61. Na3 a4 62. b4 c5 63. bxc5 bxc5 64. Kd5 Kb6
65. c3 1-0

[Event "PRO League Group Stage"]
[Site "chess.com INT"]
[Date "2020.02.06"]
[Round "5"]
[White "Braun, Arik"]
[Black "Gozzoli, Yannick"]
[Result "1-0"]
[WhiteTitle "GM"]
[BlackTitle "GM"]
[WhiteElo "2605"]
[BlackElo "2604"]
[WhiteTeam "Germany Bears"]
[BlackTeam "France Roosters"]
[WhiteFideId "4663527"]
[BlackFideId "616915"]
[EventDate "2020.01.06"]

1. Nf3 d5 2. c4 c6 3. e3 Nf6 4. Nc3 a6 5. Qc2 e6 6. b3 Bd6 7. Bb2 O-O 8. d4 Nbd7
9. Bd3 b5 10. O-O Rb8 11. e4 b4 12. e5 bxc3 13. Bxc3 Be7 14. exf6 Nxf6 15. c5 a5
16. Ne5 Bb7 17. Rfe1 Ra8 18. Re3 g6 19. Rh3 Re8 20. Bd2 Ne4 21. Bxe4 dxe4 22.
Qxe4 Bf8 23. Nxf7 Kxf7 24. Rxh7+ Bg7 25. Re1 Qd5 26. Bh6 1-0

[Event "PRO League Group Stage"]
[Site "chess.com INT"]
[Date "2020.02.06"]
[Round "5"]
[White "Mons, Leon"]
[Black "Edouard, Romain"]
[Result "0-1"]
[WhiteTitle "GM"]
[BlackTitle "GM"]
[WhiteElo "2554"]
[BlackElo "2640"]
[WhiteTeam "Germany Bears"]
[BlackTeam "France Roosters"]
[WhiteFideId "4614950"]
[BlackFideId "633429"]
[EventDate "2020.01.06"]

1. Nf3 d5 2. e3 g6 3. c4 e6 4. d4 Bg7 5. Nc3 Ne7 6. Be2 O-O 7. O-O b6 8. cxd5
exd5 9. b4 c6 10. a4 Be6 11. Ba3 Re8 12. Qd2 Nf5 13. b5 Nd6 14. Ne5 c5 15. dxc5
bxc5 16. f4 f6 17. Nf3 Ne4 18. Nxe4 dxe4 19. Qxd8 Rxd8 20. Rfd1 Nd7 21. Nd2 f5
22. Rac1 Nb6 23. a5 Na4 24. Nb1 Ba2 25. Kf1 Bf6 26. Ke1 Kg7 27. Rd2 Bxb1 28.
Rxd8 Bxd8 29. Rxb1 Bxa5+ 30. Kf2 Rd8 31. Rc1 Rd2 32. Bxc5 Nxc5 33. Rxc5 Rb2 34.
h4 Rb3 35. Bc4 Ra3 36. Rd5 Bb6 37. Rd7+ Kh6 38. Bg8 Bxe3+ 39. Ke2 Kh5 40. Rxh7+
Kg4 41. Rg7 Bxf4 42. Rxg6+ Kxh4 43. Be6 Bg5 44. Bxf5 Ra2+ 45. Kf1 e3 46. Bd3 Bd8
47. Re6 Bb6 48. Bc4 Rb2 49. Bd3 Kg5 50. Re4 Rf2+ 51. Kg1 Rd2 52. Bc4 e2+ 53. Kh2
Bc7+ 54. Kh3 Rd1 55. Rg4+ Kf6 56. Bxe2 Rh1# 0-1

[Event "PRO League Group Stage"]
[Site "chess.com INT"]
[Date "2020.02.06"]
[Round "5"]
[White "Meier, Georg"]
[Black "Bacrot, Etienne"]
[Result "0-1"]
[WhiteTitle "GM"]
[BlackTitle "GM"]
[WhiteElo "2629"]
[BlackElo "2679"]
[WhiteTeam "Germany Bears"]
[BlackTeam "France Roosters"]
[WhiteFideId "4675789"]
[BlackFideId "605506"]
[EventDate "2020.01.06"]

1. Nf3 Nf6 2. g3 d5 3. Bg2 e6 4. O-O c5 5. b3 Nc6 6. Bb2 Be7 7. d4 cxd4 8. Nxd4
Bd7 9. Nd2 Qb6 10. e3 Na5 11. e4 dxe4 12. Nxe4 Nxe4 13. Bxe4 Bf6 14. Qd3 Rd8 15.
Rad1 e5 16. Rfe1 exd4 17. Bc6+ Be7 18. Rxe7+ Kxe7 19. Qe4+ Kf8 20. Bxd7 Kg8 21.
Bxd4 Qd6 22. Qg4 Qg6 23. Qh3 Qxc2 24. Re1 Qd2 25. Re4 Nc6 26. Bxc6 bxc6 27. Qd7
Rf8 28. Qxc6 h5 29. Kg2 Rh6 30. Qc5 Qxa2 31. Be3 Qb1 32. Re5 Rg6 33. Rxh5 Qe4+
34. f3 Qd3 35. Qxa7 Re6 36. Bf2 Qxb3 0-1

[Event "PRO League Group Stage"]
[Site "chess.com INT"]
[Date "2020.02.06"]
[Round "5"]
[White "Tomczak, Jacek"]
[Black "Lagarde, Maxime"]
[Result "1-0"]
[WhiteTitle "GM"]
[BlackTitle "GM"]
[WhiteElo "2603"]
[BlackElo "2651"]
[WhiteTeam "Germany Bears"]
[BlackTeam "France Roosters"]
[WhiteFideId "1124668"]
[BlackFideId "662399"]
[EventDate "2020.01.06"]

1. e4 c5 2. Nf3 Nc6 3. d4 cxd4 4. Nxd4 Qb6 5. Nb3 Nf6 6. Nc3 e6 7. Qe2 Bb4 8.
Bd2 a5 9. a3 Be7 10. e5 Ng8 11. Nb5 a4 12. Be3 Qd8 13. Nd2 Nxe5 14. f4 Nc6 15.
Nc4 Ra6 16. Ncd6+ Kf8 17. O-O-O Nf6 18. Qf3 Na5 19. f5 Rc6 20. fxe6 fxe6 21. g4
h6 22. Be2 Kg8 23. h4 Qf8 24. g5 hxg5 25. hxg5 Rxh1 26. Rxh1 Bxd6 27. gxf6 Qxf6
28. Qh5 Bf4 29. Qe8+ 1-0

[Event "PRO League Group Stage"]
[Site "chess.com INT"]
[Date "2020.02.06"]
[Round "5"]
[White "Edouard, Romain"]
[Black "Braun, Arik"]
[Result "0-1"]
[WhiteTitle "GM"]
[BlackTitle "GM"]
[WhiteElo "2640"]
[BlackElo "2605"]
[WhiteTeam "France Roosters"]
[BlackTeam "Germany Bears"]
[WhiteFideId "633429"]
[BlackFideId "4663527"]
[EventDate "2020.01.06"]

1. c4 g6 2. d4 Bg7 3. e4 e6 4. h4 h6 5. h5 g5 6. f4 gxf4 7. Bxf4 c5 8. d5 Bxb2
9. Nd2 Qf6 10. Rb1 Qxf4 11. Rxb2 Qg3+ 12. Ke2 exd5 13. cxd5 b6 14. Ngf3 Ba6+ 15.
Ke3 Nf6 16. Bxa6 Ng4+ 17. Ke2 Qxg2+ 0-1

[Event "PRO League Group Stage"]
[Site "chess.com INT"]
[Date "2020.02.06"]
[Round "5"]
[White "Gozzoli, Yannick"]
[Black "Mons, Leon"]
[Result "1-0"]
[WhiteTitle "GM"]
[BlackTitle "GM"]
[WhiteElo "2604"]
[BlackElo "2554"]
[WhiteTeam "France Roosters"]
[BlackTeam "Germany Bears"]
[WhiteFideId "616915"]
[BlackFideId "4614950"]
[EventDate "2020.01.06"]

1. d4 Nf6 2. c4 e6 3. Nf3 a6 4. Nc3 d5 5. cxd5 exd5 6. Bg5 Be6 7. Bxf6 Qxf6 8.
Qb3 Ra7 9. g3 Qd8 10. Bg2 c6 11. h4 Be7 12. Ng5 Bc8 13. e4 h6 14. Nf3 dxe4 15.
Nxe4 Be6 16. Qc3 O-O 17. O-O Nd7 18. Rfe1 Ra8 19. a3 a5 20. Rad1 Qb6 21. Kh2
Rad8 22. Qc1 Nf6 23. Nc5 Bxc5 24. dxc5 Qc7 25. Nd4 Bg4 26. Rd2 Rfe8 27. Rxe8+
Rxe8 28. Qc2 Qe5 29. Qc3 Qe1 30. Rc2 Bd7 31. Qxe1 Ng4+ 32. Kg1 Rxe1+ 33. Bf1 Rd1
34. Nb3 Be6 35. Nxa5 Bd5 36. h5 Ne5 37. f4 Ng4 38. Rc3 Rd2 39. Bh3 Nh2 40. Nc4
Bxc4 41. Rxc4 Nf3+ 42. Kf1 Rxb2 43. Rb4 Nh2+ 44. Ke1 Nf3+ 45. Kd1 Rd2+ 46. Kc1
Rh2 47. Bf5 Nd4 48. Rxd4 1-0

[Event "PRO League Group Stage"]
[Site "chess.com INT"]
[Date "2020.02.10"]
[Round "6"]
[White "Villanueva, Mario"]
[Black "Dominguez Perez, Leinier"]
[Result "1/2-1/2"]
[WhiteTitle "IM"]
[BlackTitle "GM"]
[WhiteElo "2488"]
[BlackElo "2758"]
[WhiteTeam "Argentina Krakens"]
[BlackTeam "Saint Louis Arch Bishops"]
[WhiteFideId "113433"]
[BlackFideId "3503240"]
[EventDate "2020.01.06"]

1. e4 c5 2. Nf3 d6 3. d4 cxd4 4. Nxd4 Nf6 5. Nc3 a6 6. a3 e5 7. Nf3 Be7 8. Bc4
Be6 9. Ba2 Nbd7 10. Bg5 Rc8 11. O-O O-O 12. Re1 b5 13. Nd2 Nb6 14. Nf1 Nfd7 15.
Bxe7 Qxe7 16. Ne3 Nf6 17. Qd3 Rc6 18. Red1 Rfc8 19. h3 h6 20. Rd2 Qc7 21. Bb3
Nc4 22. Bxc4 bxc4 23. Qf1 Rb8 24. Rb1 Rcb6 25. Qd1 Qc6 26. Nf5 Bxf5 27. exf5 Qd7
28. Nd5 Nxd5 29. Rxd5 Qxf5 30. Rxd6 Kh7 31. Rxb6 Rxb6 32. b4 Rg6 33. Kh1 Qe4 34.
f3 Qe3 35. Qe1 Qxa3 36. Qxe5 Qa2 37. Qb2 Qxb2 38. Rxb2 Rb6 39. Kg1 Kg6 40. Kf2
Kf5 41. Ke3 Ke5 42. c3 Rd6 43. f4+ Kf5 44. g4+ Ke6 45. Ra2 Rd3+ 46. Ke4 Rxc3 47.
Rxa6+ Ke7 48. Ra7+ Ke6 49. Ra6+ Ke7 50. Ra7+ Ke6 51. Ra6+ 1/2-1/2

[Event "PRO League Group Stage"]
[Site "chess.com INT"]
[Date "2020.02.10"]
[Round "6"]
[White "Xiong, Jeffery"]
[Black "Flores, Diego"]
[Result "1-0"]
[WhiteTitle "GM"]
[BlackTitle "GM"]
[WhiteElo "2712"]
[BlackElo "2599"]
[WhiteTeam "Saint Louis Arch Bishops"]
[BlackTeam "Argentina Krakens"]
[WhiteFideId "2047640"]
[BlackFideId "108049"]
[EventDate "2020.01.06"]

1. e4 c5 2. Nf3 e6 3. d4 cxd4 4. Nxd4 a6 5. Nc3 b5 6. Bd3 Qb6 7. Nf3 Qc7 8. O-O
Bb7 9. Re1 Be7 10. e5 f5 11. Nd4 g6 12. a4 b4 13. Na2 Nc6 14. Nxc6 Qxc6 15. Bf1
h5 16. Bd2 a5 17. c3 b3 18. Nc1 Nh6 19. Nxb3 Ng4 20. h3 Kf7 21. Nd4 Qc7 22. Nb5
Qb6 23. Re2 Bc5 24. Be1 Qc6 25. b4 Be7 26. Qd4 axb4 27. cxb4 Nf6 28. exf6 Bxf6
29. Re5 Rhd8 30. Nd6+ Ke7 31. Rd1 Ra6 32. Nxb7 Qxb7 33. Bxa6 Qxa6 34. Bc3 Kf7
35. b5 1-0

[Event "PRO League Group Stage"]
[Site "chess.com INT"]
[Date "2020.02.10"]
[Round "6"]
[White "Fier, Alexandr"]
[Black "Jones, Gawain C B"]
[Result "1/2-1/2"]
[WhiteTitle "GM"]
[BlackTitle "GM"]
[WhiteElo "2528"]
[BlackElo "2679"]
[WhiteTeam "Brazil Capybaras"]
[BlackTeam "U.K. Lions"]
[WhiteFideId "2107139"]
[BlackFideId "409561"]
[EventDate "2020.01.06"]

1. e4 c5 2. Nf3 g6 3. d4 cxd4 4. Nxd4 Nf6 5. Nc3 Nc6 6. Nxc6 bxc6 7. e5 Ng8 8.
Bc4 Qa5 9. Qe2 Bg7 10. f4 Nh6 11. O-O Nf5 12. Bd3 Bb7 13. Bxf5 gxf5 14. Be3 Ba6
15. Qh5 Bxf1 16. Rxf1 e6 17. g4 Bf8 18. gxf5 Bc5 19. Kf2 Bxe3+ 20. Kxe3 Qb6+ 21.
Kd3 Qa6+ 22. Ke3 Qxf1 23. Ne4 O-O-O 24. Qxf7 Qg1+ 25. Kd3 Qg8 26. Nd6+ Kb8 27.
fxe6 Qxf7 28. exf7 Kc7 29. Ke4 Rb8 30. Kf5 h5 31. Kg6 Kd8 32. Kg7 Ke7 33. f5 h4
34. Ne4 Rh5 35. f6+ Ke6 36. Nc5+ Kf5 37. f8=Q Rxf8 38. Kxf8 d6 39. f7 Kxe5 40.
Ke7 Rh7 41. Nd7+ Kf4 42. Nf6 Rxf7+ 43. Kxf7 d5 44. Kg6 h3 45. Kh5 Kf3 46. Kh4
Kg2 47. Ng4 c5 48. b3 d4 49. a4 a5 50. Kg5 Kf3 51. Kh5 Ke2 52. Nf6 Kd1 53. Ne4
Kxc2 54. Nxc5 Kc3 55. Kg4 Kb4 56. Nd3+ Kxb3 57. Kxh3 Kxa4 58. Kg3 Kb3 59. Kf3
Kc3 60. Ke2 a4 61. Nc1 Kc2 62. Nd3 a3 63. h4 Kc3 64. Nc1 Kc2 65. Nd3 Kb3 66.
Nc1+ Kc2 67. Nd3 1/2-1/2

[Event "PRO League Group Stage"]
[Site "chess.com INT"]
[Date "2020.02.10"]
[Round "6"]
[White "Mekhitarian, Krikor Sevag"]
[Black "Haria, Ravi"]
[Result "0-1"]
[WhiteTitle "GM"]
[BlackTitle "IM"]
[WhiteElo "2563"]
[BlackElo "2450"]
[WhiteTeam "Brazil Capybaras"]
[BlackTeam "U.K. Lions"]
[WhiteFideId "2107660"]
[BlackFideId "415820"]
[EventDate "2020.01.06"]

1. Nf3 d5 2. c4 e6 3. e3 Nf6 4. b3 b6 5. cxd5 exd5 6. Bb2 Bd6 7. Nc3 a6 8. d4
Bb7 9. g3 Nbd7 10. Bg2 O-O 11. O-O Qe7 12. Rc1 Rfd8 13. Qc2 Rac8 14. Rfd1 Nf8
15. Ne2 Ne4 16. Nf4 Ng6 17. Bh3 Ra8 18. Ne5 Bxe5 19. dxe5 c5 20. Nxg6 hxg6 21.
Bg2 Ng5 22. h4 Ne6 23. Qe2 Rac8 24. h5 g5 25. Qg4 d4 26. e4 b5 27. f4 c4 28.
bxc4 bxc4 29. f5 c3 30. fxe6 cxb2 31. exf7+ Qxf7 32. Rb1 Rc2 33. Rf1 Qe7 34. Bh3
d3 35. h6 d2 36. Qf5 Rc1 37. Bg4 d1=Q 38. Bxd1 Rxb1 39. Bb3+ Kh8 40. hxg7+ Kxg7
41. Qf6+ Qxf6 42. exf6+ Kg6 43. Rxb1 Rd2 44. f7 Kg7 45. Rf1 Kf8 46. e5 Rg2+ 47.
Kh1 Rf2+ 48. Kg1 Rxf1+ 0-1

[Event "PRO League Group Stage"]
[Site "chess.com INT"]
[Date "2020.02.10"]
[Round "6"]
[White "Astaneh Lopez, Alex"]
[Black "Di Berardino, Diego Rafael"]
[Result "1-0"]
[WhiteTitle "IM"]
[BlackTitle "IM"]
[WhiteElo "2432"]
[BlackElo "2478"]
[WhiteTeam "U.K. Lions"]
[BlackTeam "Brazil Capybaras"]
[WhiteFideId "2501430"]
[BlackFideId "2105446"]
[EventDate "2020.01.06"]

1. d4 Nf6 2. Nf3 g6 3. Bf4 Bg7 4. e3 O-O 5. h3 c5 6. c3 b6 7. Be2 Bb7 8. O-O d6
9. Re1 Nbd7 10. Nbd2 Rc8 11. Bh2 Rc7 12. a4 a6 13. Nc4 Ne4 14. Nfd2 Nxd2 15.
Qxd2 Qa8 16. Bf1 Bd5 17. b3 Qb7 18. Qd3 Rfc8 19. Rec1 cxd4 20. cxd4 Qb8 21. Qd2
h5 22. Qe1 Qb7 23. Bg3 Nf6 24. f3 Bh6 25. Bf2 Rc6 26. Bd3 Qc7 27. Rcb1 b5 28.
axb5 axb5 29. Na3 Qb7 30. e4 Rc3 31. Bxb5 Bxb3 32. Bc4 R3xc4 33. Nxc4 Rxc4 34.
Ra3 Rc2 35. Raxb3 Qc7 36. R3b2 Rc4 37. h4 Kg7 38. Qe2 Rc1+ 39. Rxc1 Qxc1+ 40.
Kh2 d5 41. e5 Nd7 42. Rb7 Nf8 43. Rxe7 Ne6 44. g3 Qc3 45. Kg2 Qa3 46. Rd7 Qb3
47. Rd6 Bc1 48. Ra6 Bb2 49. Qd2 Qc4 50. Rxe6 Bc1 51. Rxg6+ Kxg6 52. Qa5 Qe2 53.
Qxd5 Kg7 54. Qe4 Qb2 55. d5 1-0